Top 50 PBS Shows (IMDB) - Statistics

General Stats
  • This quiz has been taken 113 times
    16 since last reset
  • The average score is 6 of 50
Answer Stats
Program Year(s) IMDB % Correct
Sesame Street 1970-Present 8.1
79%
Arthur 1996-2022 7.4
64%
Mister Rogers' Neighborhood 1968-2001 8.8
36%
Masterpiece Classic 1971-Present 8.6
29%
NOVA 1974-Present 8.7
29%
Reading Rainbow 1984-2006 8.4
29%
Wild Kratts 2011-Present 7.7
29%
Zoom 1999-2005 7.3
21%
Antiques Roadshow 1997-Present 7.4
14%
Bill Nye the Science Guy 1993-1998 8.2
14%
Cosmos: A Personal Voyage 1980 9.3
14%
FETCH! with Ruff Ruffman 2006-2010 7.3
14%
Masterpiece Mystery! 1980-2006 8.9
14%
Nature 1982-Present 8.9
14%
Odd Squad 2014-2022 7.4
14%
PBS NewsHour 1975-Present 7.7
14%
The Electric Company 1971-1976 8.2
14%
The Magic School Bus 1994-1997 7.8
14%
Where in the World Is Carmen Sandiego? 1991-1995 7.6
14%
Zoboomafoo 1999-2001 7.6
14%
3-2-1 Contact 1980-1988 8.2
7%
American Experience 1988-Present 8.6
7%
American Masters 1986-Present 8.2
7%
Charlie Rose 1991-2017 7.5
7%
Great Performances 1972-Present 8.0
7%
Liberty's Kids: Est. 1776 2002-2003 7.9
7%
Peep and the Big Wide World 2004-2007, 2010-2011 7.8
7%
Shining Time Station 1989-1993 8.2
7%
Square One Television 1987-1992 8.4
7%
The Joy of Painting 1983-1994 9.3
7%
Wishbone 1995-1997 8.3
7%
America's Test Kitchen 2001-Present 8.5
0%
Carrier 2008 8.3
0%
Daniel Tiger's Neighborhood 2012-Present 7.4
0%
Democracy Now! 2001-Present 7.3
0%
Finding Your Roots with Henry Louis Gates, Jr. 2012-Present 8.7
0%
Frontline 1983-Present 8.6
0%
Genius by Stephen Hawking 2016 7.7
0%
Ghostwriter 1992-1995 7.9
0%
Globe Trekker 1994-2016 8.6
0%
Independent Lens 1999-Present 8.2
0%
Jazz 2001 8.6
0%
Mercy Street 2016-2017 7.5
0%
NOVA ScienceNow 2005-2012 8.5
0%
Rick Steves' Europe 2000-Present 8.6
0%
Secrets of the Dead 2000-Present 8.0
0%
Sneak Previews 1975-1996 8.5
0%
The Red Green Show 1991-2006 8.1
0%
This Old House 1979-Present 8.0
0%
Zoobilee Zoo 1986-1987 8.2
0%
No matching quizzes found
Score Distribution
Percent of People with Each Score
Percentile by Number Answered
Your Score History
You have not taken this quiz since the last reset